000 00666nam a22002537a 4500
003 UA-OsUOA
001 106436
007 ta
008 20140520b un ||||| |||| 00| 0 ukr d
100 _aПавленко Ю. В.
090 _a94(477-25)
_bП12
942 _cBK
040 _aUA-OsUOA
_bukr
_cUA-OsUOA
_dUA-OsUOA
245 _aНарис історії Києва
300 _a480 с.
955 _a1
041 _aukr
080 _a94(477-25)
020 _a966-651-119-3
591 _aЖулинський М. Г.
260 _aК.
_bФенікс
_c2004
650 7 _a9 Географія. Біографії. Історія
_2UDC
999 _c392581
_d392581